000 00714nam a2200289Ia 4500
008 160321s9999||||xx |||||||||||||| ||und||
040 _cEnglish
082 _aXI.A/Wellhausen
082 _bBORI-3202
100 _aJ. Wellhausen
245 4 _aThe Arab Kingdom And its Fall
260 _aCalcutta
260 _bUniversity Of Culcutta
260 _c1927
300 _aXV+592
300 _cB
300 _eHardbound
530 _u00043179.pdf
563 _aStudy
600 _aJ. Wellhausen
630 _aThe Arab Kingdom And its Fall
650 _a"Politics,History"
650 _aGeneral Indology
700 _aJ. Wellhausen
730 _aThe Arab Kingdom And its Fall
942 _cBOOK
999 _c1356167
_d1356164